Gearing up. (Record no. 60413)
[ view plain ]
| 000 -LEADER | |
|---|---|
| fixed length control field | 00753cam a2200193 4500 |
| 001 - CONTROL NUMBER | |
| control field | ABS60763 |
| 008 - FIXED-LENGTH DATA ELEMENTS--GENERAL INFORMATION | |
| fixed length control field | 000000n1999 000 0 eng u |
| 035 ## - SYSTEM CONTROL NUMBER | |
| System control number | (Sirsi) u101260 |
| 100 ## - MAIN ENTRY--PERSONAL NAME | |
| Personal name | Goodacre, A. |
| 245 ## - TITLE STATEMENT | |
| Title | Gearing up. |
| 260 ## - PUBLICATION, DISTRIBUTION, ETC. | |
| Date of publication, distribution, etc. | 1999 |
| 490 ## - SERIES STATEMENT | |
| Series statement | Accountancy |
| Volume/sequential designation | 123(1270) June 1999, 86-87(2) |
| 520 ## - SUMMARY, ETC. | |
| Summary, etc. | Outlines the findings of research amongst a sample of over 200 quoted industrial and commercial properties into the importance of operating lease finance in the UK, and the effect which the capitalisation of operating leases would have on key performance ratios. |
| 650 ## - SUBJECT ADDED ENTRY--TOPICAL TERM | |
| Topical term or geographic name entry element | PROPERTY COMPANIES |
| 650 ## - SUBJECT ADDED ENTRY--TOPICAL TERM | |
| Topical term or geographic name entry element | LEASE FINANCE |
| 650 ## - SUBJECT ADDED ENTRY--TOPICAL TERM | |
| Topical term or geographic name entry element | PROPERTY INVESTMENT |
| 690 ## - LOCAL SUBJECT ADDED ENTRY--TOPICAL TERM (OCLC, RLIN) | |
| Topical term or geographic name as entry element | PROPERTY-PROPERTY FINANCE AND INVESTMENT |
| 942 ## - ADDED ENTRY ELEMENTS (KOHA) | |
| Suppress in OPAC | 0 |
| Withdrawn status | Lost status | Source of classification or shelving scheme | Damaged status | Not for loan | Home library | Current library | Shelving location | Date acquired | Total Checkouts | Full call number | Barcode | Date last seen | Copy number | Price effective from | Koha item type |
|---|---|---|---|---|---|---|---|---|---|---|---|---|---|---|---|
| Dewey Decimal Classification | London | London | Journal article | 03/11/1999 | ABS60763 | 101260-1001 | 06/08/2019 | 1 | 06/08/2019 | Journal article |